00409nam a2200133Ia 4500008004100000082001500041100001900056245004600075260002000121600001200141942000700153952009800160999001700258241002s9999 xx 000 0 und d a933.01 SAL aSalo, Baron W. 0aGreat Ages and Ideas of the Jewish People aNew York:c1956 aHistory cUC 00104070aUITUbUITUd1994-01-01l0o933.01 SALpUC639r2024-10-02 09:31:25w2024-10-02yUC c18966d18966